Statistiques concernant Villes de Moselle de plus de 10 000 hab

Cliquez ici pour prendre le quiz!

Statistiques générales

  • Ce quiz a été pris 56 fois
  • Le résultat moyen est 9 sur 17

Statistiques - réponses

VillePopulation% Correct
Metz122 696
100%
Thionville42 926
92%
Forbach20 877
80%
Sarreguemines20 316
76%
Montigny-lès-Metz22 051
63%
Sarrebourg12 396
59%
Amnéville10 926
55%
Woippy14 648
55%
Maizières-lès-Metz12 113
49%
Yutz18 088
49%
Saint-Avold14 687
47%
Hayange16 112
45%
Freyming-Merlebach13 027
41%
Florange11 833
39%
Creutzwald12 142
35%
Fameck15 337
31%
Stiring-Wendel10 512
24%

Distribution des résultats

Percentile par nombre de réponses

% des personnes avec chaque résultat

Votre développement - résultats

Vous n’avez pas pris ce quiz